Projekt CEEC AgriPolicy - Analýza agroekonomickej stratégie nových členských krajín EÚ, kandidátskych krajín a štátov západného Balkánu

V apríli 2006 prebiehalo v Belehrade stretnutie v rámci projektu 6. Rámcového programu vedeckej podpory politík na projekte Analýza agroekonomickej stratégie ... Stručný obsah vystúpení expertov k preberanej problematike. Vývoj na poľnohospodárskych trhoch v nových členských krajinách, štyri kľúčové...

Ausführliche Beschreibung

Gespeichert in:
Bibliographische Detailangaben
1. Verfasser: Quintas, Mário
Weitere Verfasser: Masár, Ivan
Format: Buchkapitel
Sprache:Slowakisch
Schlagworte:
Tags: Tag hinzufügen
Keine Tags, Fügen Sie das erste Tag hinzu!

MARC

LEADER 00000naa$a2200000$$$4500
001 0049627
005 20231018091448.7
041 0 |a slo 
044 |a SK 
245 1 0 |a Projekt CEEC AgriPolicy - Analýza agroekonomickej stratégie nových členských krajín EÚ, kandidátskych krajín a štátov západného Balkánu  |c Mário Quintas, Ivan Masár 
520 |a V apríli 2006 prebiehalo v Belehrade stretnutie v rámci projektu 6. Rámcového programu vedeckej podpory politík na projekte Analýza agroekonomickej stratégie ... Stručný obsah vystúpení expertov k preberanej problematike. Vývoj na poľnohospodárskych trhoch v nových členských krajinách, štyri kľúčové závery - zbližovanie poľnohospodárskych trhov, zväčšovanie kapitalizácie, trhovej sily a rast efektívnosti. 
610 2 0 |a poľnohospodárstvo 
610 2 0 |a stratégia hospodárska 
610 2 0 |a trh poľnohospodársky 
610 2 0 |a ceny 
610 2 0 |a Európska únia 
100 1 |a Quintas, Mário 
700 1 |a Masár, Ivan